000 00351nam a22001217a 4500
008 230609b xxu||||| |||| 00| 0 eng d
082 _a332.67
_bKNA
100 _cGovernment of Kenya
245 _aNinthe Report of the Public Investments Committee on the Accounts of State Corporations
260 _aKenya
_bGOK
_c2000
300 _a709p
942 _2ddc
_cBK
999 _c909
_d909